[Event "XIX. DBMM Schach"]
[Site "Billerbeck"]
[Date "2019.09.05"]
[Round "1.1"]
[White "Koscielski, Janusz"]
[Black "Schramm, Christian"]
[Result "1/2-1/2"]
[WhiteElo "2270"]
[BlackElo "2361"]
[Annotator "dgt"]
[PlyCount "75"]
[EventDate "2019.09.??"]
[EventType "team-swiss"]
[EventRounds "7"]
[EventCountry "GER"]
[SourceTitle "XIX. DBMM 2019"]
[Source "FV Schach e.V."]
[SourceDate "2019.09.09"]
[SourceVersion "4"]
[SourceVersionDate "2019.10.16"]
[SourceQuality "1"]
[WhiteTeam "EKJ Herne und Wanne-Eickel"]
[BlackTeam "AGI Frankfurt"]
[WhiteTeamCountry "GER"]
[BlackTeamCountry "GER"]

1. e4 c6 2. d4 d5 3. exd5 cxd5 4. Bd3 Nc6 5. c3 g6 6. Nf3 Bg7 7. O-O Nf6 8. Re1
O-O 9. Bf4 Bf5 10. Bf1 Qb6 11. Qb3 Qxb3 12. axb3 a6 13. Ne5 Nxe5 14. Bxe5 Rfe8
15. f3 h5 16. h3 h4 17. Na3 Nd7 18. Bxg7 Kxg7 19. Re3 e6 20. Rae1 Red8 21. Kf2
Nf6 22. Bd3 Bxd3 23. Rxd3 Ne8 24. Nc2 Rd6 25. Ra1 Rb6 26. Ra3 Nd6 27. Rd1 Rc8
28. Ne3 Nb5 29. Ra2 Nd6 30. b4 Rbc6 31. Ra5 g5 32. Rda1 Nb5 33. Ke2 f6 34. Kd3
Kf7 35. Ke2 Rd8 36. Rd1 Rcd6 37. Raa1 Rc6 38. Ra5 1/2-1/2

[Event "XIX. DBMM Schach"]
[Site "Billerbeck"]
[Date "2019.09.05"]
[Round "1.2"]
[White "Rietze, Clemens"]
[Black "Hortolani, Sven Holger"]
[Result "1/2-1/2"]
[WhiteElo "2279"]
[BlackElo "2135"]
[Annotator "dgt"]
[PlyCount "43"]
[EventDate "2019.09.??"]
[EventType "team-swiss"]
[EventRounds "7"]
[EventCountry "GER"]
[SourceTitle "XIX. DBMM 2019"]
[Source "FV Schach e.V."]
[SourceDate "2019.09.09"]
[SourceVersion "4"]
[SourceVersionDate "2019.10.16"]
[SourceQuality "1"]
[WhiteTeam "AGI Frankfurt"]
[BlackTeam "EKJ Herne und Wanne-Eickel"]
[WhiteTeamCountry "GER"]
[BlackTeamCountry "GER"]

1. d4 Nf6 2. c4 e6 3. Nf3 c5 4. d5 exd5 5. cxd5 d6 6. Nc3 g6 7. Bf4 Nh5 8. Qa4+
Qd7 9. Qe4+ Be7 10. Bg5 f6 11. Bh6 Na6 12. e3 Nc7 13. h3 f5 14. Qd3 Bf6 15. Be2
Bg7 16. Bxg7 Qxg7 17. O-O O-O 18. Rab1 b6 19. b4 Ba6 20. Qd2 Bxe2 21. Nxe2 Nf6
22. Nf4 1/2-1/2

[Event "XIX. DBMM Schach"]
[Site "Billerbeck"]
[Date "2019.09.05"]
[Round "1.3"]
[White "Leveikina, Jevgenija"]
[Black "Guth, Thomas"]
[Result "1/2-1/2"]
[WhiteElo "2084"]
[BlackElo "2277"]
[Annotator "dgt"]
[PlyCount "112"]
[EventDate "2019.09.??"]
[EventType "team-swiss"]
[EventRounds "7"]
[EventCountry "GER"]
[SourceTitle "XIX. DBMM 2019"]
[Source "FV Schach e.V."]
[SourceDate "2019.09.09"]
[SourceVersion "4"]
[SourceVersionDate "2019.10.16"]
[SourceQuality "1"]
[WhiteTeam "EKJ Herne und Wanne-Eickel"]
[BlackTeam "AGI Frankfurt"]
[WhiteTeamCountry "GER"]
[BlackTeamCountry "GER"]

1. d4 e6 2. Nf3 Nf6 3. g3 b6 4. Bg2 Bb7 5. O-O c5 6. c3 d6 7. Nbd2 Qc7 8. dxc5
Qxc5 9. Qa4+ Nbd7 10. Nb3 Qc7 11. Nbd4 a6 12. Bh3 b5 13. Qd1 g6 14. a4 e5 15.
Nc2 bxa4 16. Rxa4 Bg7 17. Ne3 Nb6 18. Rb4 O-O 19. Qb3 Rab8 20. Rxb6 Bxf3 21.
Rxb8 Rxb8 22. Qd1 Ba8 23. Bg2 Bxg2 24. Kxg2 Qc6+ 25. Kg1 d5 26. Qd3 Rd8 27. Nc2
a5 28. Bg5 Rc8 29. Bxf6 Bxf6 30. Ne3 d4 31. cxd4 exd4 32. Ng4 Bg7 33. h3 Qe6
34. Kg2 Re8 35. Re1 Qb6 36. Rb1 a4 37. Qc4 Qb7+ 38. Kg1 Qe4 39. Ra1 h5 40. Nh2
Qxe2 41. Qxa4 Rc8 42. Qb3 d3 43. Ra7 Rf8 44. Rd7 Qxb2 45. Qxb2 Bxb2 46. Rxd3
Bf6 47. g4 hxg4 48. hxg4 Rd8 49. Rxd8+ Bxd8 50. Kg2 Kg7 51. Kf3 Kf6 52. Nf1 Ke5
53. Nd2 f6 54. Nc4+ Kd5 55. Ne3+ Kd4 56. Ng2 g5 1/2-1/2

[Event "XIX. DBMM Schach"]
[Site "Billerbeck"]
[Date "2019.09.05"]
[Round "1.4"]
[White "Buescher, Henrik"]
[Black "Selmanaj, Agim"]
[Result "1-0"]
[WhiteElo "2112"]
[BlackElo "1643"]
[Annotator "dgt"]
[PlyCount "47"]
[EventDate "2019.09.??"]
[EventType "team-swiss"]
[EventRounds "7"]
[EventCountry "GER"]
[SourceTitle "XIX. DBMM 2019"]
[Source "FV Schach e.V."]
[SourceDate "2019.09.09"]
[SourceVersion "4"]
[SourceVersionDate "2019.10.16"]
[SourceQuality "1"]
[WhiteTeam "AGI Frankfurt"]
[BlackTeam "EKJ Herne und Wanne-Eickel"]
[WhiteTeamCountry "GER"]
[BlackTeamCountry "GER"]

1. d4 g6 2. e3 Bg7 3. f4 d6 4. Nf3 Nc6 5. c3 a6 6. Bc4 h6 7. O-O d5 8. Bd3 Bf5
9. Ne5 Bxd3 10. Qxd3 Nxe5 11. fxe5 e6 12. Nd2 Ne7 13. b3 b5 14. Ba3 O-O 15. Rf2
c6 16. Raf1 a5 17. Bc5 Qd7 18. Qc2 Nf5 19. Rf3 h5 20. Bxf8 Rxf8 21. e4 Nh4 22.
Rh3 Qe7 23. g3 Qg5 24. Rxh4 1-0

[Event "XIX. DBMM Schach"]
[Site "Billerbeck"]
[Date "2019.09.05"]
[Round "1.1"]
[White "Seger, Ruediger"]
[Black "Blum, Norbert"]
[Result "1-0"]
[WhiteElo "2332"]
[BlackElo "1965"]
[Annotator "br"]
[PlyCount "65"]
[EventDate "2019.09.??"]
[EventType "team-swiss"]
[EventRounds "7"]
[EventCountry "GER"]
[SourceTitle "XIX. DBMM 2019"]
[Source "FV Schach e.V."]
[SourceDate "2019.09.09"]
[SourceVersion "4"]
[SourceVersionDate "2019.10.16"]
[SourceQuality "1"]
[WhiteTeam "Deutsche Post Bonn"]
[BlackTeam "Sparkassen-Vers. Stuttgart"]
[WhiteTeamCountry "GER"]
[BlackTeamCountry "GER"]

1. e4 e6 2. d4 d5 3. Nd2 dxe4 4. Nxe4 Nd7 5. Nf3 Ngf6 6. Bd3 c5 7. Nxc5 Nxc5 8.
dxc5 Bxc5 9. O-O O-O 10. Bg5 h6 11. Bh4 Be7 12. Re1 Bd7 13. Ne5 Be8 14. Qf3 Qc7
15. Rad1 Rc8 16. c4 Bc6 17. Qe3 Qa5 18. a3 Qc5 19. Qxc5 Bxc5 20. b4 Bb6 21. c5
Bd8 22. Nxc6 Rxc6 23. Bg3 Be7 24. Be2 Rcc8 25. Bf3 b6 26. c6 Bd8 27. Bd6 Re8
28. b5 Bc7 29. a4 Red8 30. Be7 Rxd1 31. Rxd1 Re8 32. Bxf6 gxf6 33. Rd7 1-0

[Event "XIX. DBMM Schach"]
[Site "Billerbeck"]
[Date "2019.09.05"]
[Round "1.2"]
[White "Lau, Peter"]
[Black "Stanetzek, Carsten"]
[Result "0-1"]
[WhiteElo "1701"]
[BlackElo "2157"]
[Annotator "br"]
[PlyCount "116"]
[EventDate "2019.09.??"]
[EventType "team-swiss"]
[EventRounds "7"]
[EventCountry "GER"]
[SourceTitle "XIX. DBMM 2019"]
[Source "FV Schach e.V."]
[SourceDate "2019.09.09"]
[SourceVersion "4"]
[SourceVersionDate "2019.10.16"]
[SourceQuality "1"]
[WhiteTeam "Sparkassen-Vers. Stuttgart"]
[BlackTeam "Deutsche Post Bonn"]
[WhiteTeamCountry "GER"]
[BlackTeamCountry "GER"]

1. e4 e5 2. Nf3 Nc6 3. Bb5 Nf6 4. O-O Nxe4 5. Re1 Nd6 6. Bxc6 dxc6 7. Nxe5 Be7
8. d4 O-O 9. Nd2 Re8 10. c3 Be6 11. Ndf3 h6 12. Bf4 Nf5 13. h3 c5 14. g4 Nh4
15. Nxh4 Bxh4 16. dxc5 Qf6 17. Qf3 Rad8 18. Bg3 Bxg3 19. Qxg3 Rd2 20. b4 Bxa2
21. Re3 Qd8 22. Qf3 Bd5 23. Qf4 a6 24. Rae1 Qg5 25. Qxg5 hxg5 26. Nf3 Rxe3 27.
Rxe3 Rd1+ 28. Kg2 f6 29. Kg3 Kf7 30. Ne1 Bc6 31. h4 gxh4+ 32. Kxh4 a5 33. bxa5
Ra1 34. g5 Rxa5 35. Nd3 Ra4+ 36. Nb4 Bd7 37. gxf6 gxf6 38. Kg3 Ra5 39. Nd3 Bf5
40. c6 bxc6 41. Nb4 Bd7 42. f4 Ra1 43. Nd3 Be6 44. Nc5 Bd5 45. Kf2 Kg6 46. Re7
Rc1 47. Na4 Kf5 48. Rxc7 Kxf4 49. Ke2 f5 50. Kd2 Ra1 51. Nc5 Ra2+ 52. Kd3 Kf3
53. c4 Ra3+ 54. Kd4 Be4 55. Nxe4 fxe4 56. Rxc6 e3 57. Rf6+ Ke2 58. Re6 Kd2 {
Rest unleserlich.} 0-1

[Event "XIX. DBMM Schach"]
[Site "Billerbeck"]
[Date "2019.09.05"]
[Round "1.3"]
[White "Gikas, Andreas Basilius"]
[Black "Wirth, Volker"]
[Result "1-0"]
[WhiteElo "2183"]
[BlackElo "1759"]
[Annotator "br"]
[PlyCount "53"]
[EventDate "2019.09.??"]
[EventType "team-swiss"]
[EventRounds "7"]
[EventCountry "GER"]
[SourceTitle "XIX. DBMM 2019"]
[Source "FV Schach e.V."]
[SourceDate "2019.09.09"]
[SourceVersion "4"]
[SourceVersionDate "2019.10.16"]
[SourceQuality "1"]
[WhiteTeam "Deutsche Post Bonn"]
[BlackTeam "Sparkassen-Vers. Stuttgart"]
[WhiteTeamCountry "GER"]
[BlackTeamCountry "GER"]

1. e4 c5 2. Nf3 Nc6 3. d4 cxd4 4. Nxd4 d6 5. Nc3 e6 6. Be2 Be7 7. O-O a6 8. a4
Nf6 9. Be3 O-O 10. f4 Qc7 11. Qe1 Bd7 12. Qg3 Kh8 13. Kh1 e5 14. fxe5 dxe5 15.
Nf5 Bxf5 16. Rxf5 g6 17. Rf2 Kg7 18. Raf1 Rad8 19. Qh3 Ng8 20. Nd5 Qd6 21. Bb6
Rde8 22. Nc7 Rc8 23. Rxf7+ Rxf7 24. Rxf7+ Kxf7 25. Qxh7+ Kf6 26. Qh8+ Kg5 27.
Be3# 1-0

[Event "XIX. DBMM Schach"]
[Site "Billerbeck"]
[Date "2019.09.05"]
[Round "1.4"]
[White "Brethauer, Tim"]
[Black "Biedekoepper, Robert"]
[Result "0-1"]
[WhiteElo "1641"]
[BlackElo "2048"]
[Annotator "br"]
[PlyCount "112"]
[EventDate "2019.09.??"]
[EventType "team-swiss"]
[EventRounds "7"]
[EventCountry "GER"]
[SourceTitle "XIX. DBMM 2019"]
[Source "FV Schach e.V."]
[SourceDate "2019.09.09"]
[SourceVersion "4"]
[SourceVersionDate "2019.10.16"]
[SourceQuality "1"]
[WhiteTeam "Sparkassen-Vers. Stuttgart"]
[BlackTeam "Deutsche Post Bonn"]
[WhiteTeamCountry "GER"]
[BlackTeamCountry "GER"]

1. e4 c5 2. Nf3 Nc6 3. d4 cxd4 4. Nxd4 Nf6 5. Nc3 e5 6. Nxc6 bxc6 7. Bg5 h6 8.
Bh4 Rb8 9. Bxf6 Qxf6 10. Rb1 Bb4 11. a3 Ba5 12. b4 Bb6 13. Qf3 Qxf3 14. gxf3
Ke7 15. Na4 Bc7 16. Nc5 Rb6 17. Na4 Rb8 18. Nc5 Bd6 19. Rb3 a5 20. bxa5 Ra8 21.
Nd3 Rxa5 22. Kd2 f6 23. Rg1 g5 24. Nb2 Rxa3 25. Rxa3 Bxa3 26. Nc4 Bb4+ 27. c3
Bc5 28. Ne3 Bxe3+ 29. fxe3 d5 30. exd5 cxd5 31. c4 Be6 32. cxd5 Bxd5 33. e4 Be6
34. Ke3 Rb8 35. Bd3 Rb2 36. Rh1 h5 37. h4 Rg2 38. Bf1 Rg3 39. Kf2 gxh4 40. Rxh4
Rg5 41. Bd3 Kf7 42. Ke3 Kg6 43. f4 Rg3+ 44. Kd2 Rg2+ 45. Kc3 exf4 46. Rxf4 Kg5
47. Rf1 h4 48. Kd4 h3 49. e5 Rg4+ 50. Kc5 fxe5 51. Rf8 h2 52. Rh8 Rh4 53. Rxh4
Kxh4 54. Be4 Kg3 55. Kd6 Kf4 56. Bh1 Bg8 0-1

[Event "XIX. DBMM Schach"]
[Site "Billerbeck"]
[Date "2019.09.05"]
[Round "1.1"]
[White "Boerger, Andreas"]
[Black "Hoffmann, Hendrik"]
[Result "0-1"]
[WhiteElo "1768"]
[BlackElo "2274"]
[Annotator "br"]
[PlyCount "80"]
[EventDate "2019.09.??"]
[EventType "team-swiss"]
[EventRounds "7"]
[EventCountry "GER"]
[SourceTitle "XIX. DBMM 2019"]
[Source "FV Schach e.V."]
[SourceDate "2019.09.09"]
[SourceVersion "4"]
[SourceVersionDate "2019.10.16"]
[SourceQuality "1"]
[WhiteTeam "Westf. Provinzial-Versicherung Muenster"]
[BlackTeam "le-tex Publishing Services Leipzig"]
[WhiteTeamCountry "GER"]
[BlackTeamCountry "GER"]

1. c4 e6 2. Nc3 Nf6 3. e4 d5 4. e5 d4 5. exf6 dxc3 6. dxc3 Qxf6 7. Nf3 h6 8. h4
e5 9. Be3 Nc6 10. Bd3 Bf5 11. Qc2 Bxd3 12. Qxd3 Rd8 13. Qe2 Be7 14. Nd2 Qe6 15.
g4 Kd7 16. O-O-O Kc8 17. g5 hxg5 18. hxg5 Qg6 19. Nf3 Rxd1+ 20. Rxd1 Qf5 21.
Rg1 a6 22. Nd2 Rh4 23. f3 Nd8 24. Ne4 Ne6 25. Qg2 Qh3 26. Kd2 Qh2 27. Bf2 Qxg2
28. Rxg2 Rh3 29. Ke3 Rh5 30. Nd2 Bxg5+ 31. f4 Nxf4 32. Rxg5 Rxg5 33. Ne4 Rh5
34. Ng3 Rh3 35. Kf3 Nh5 36. Kg4 Rxg3+ 37. Bxg3 Nxg3 38. Kxg3 Kd7 39. Kf3 Ke6
40. b4 f5 0-1

[Event "XIX. DBMM Schach"]
[Site "Billerbeck"]
[Date "2019.09.05"]
[Round "1.2"]
[White "Heinrich, Thomas"]
[Black "Gerighausen, Karl Heinz"]
[Result "1-0"]
[WhiteElo "2172"]
[BlackElo "1830"]
[Annotator "br"]
[PlyCount "63"]
[EventDate "2019.09.??"]
[EventType "team-swiss"]
[EventRounds "7"]
[EventCountry "GER"]
[SourceTitle "XIX. DBMM 2019"]
[Source "FV Schach e.V."]
[SourceDate "2019.09.09"]
[SourceVersion "4"]
[SourceVersionDate "2019.10.16"]
[SourceQuality "1"]
[WhiteTeam "le-tex Publishing Services Leipzig"]
[BlackTeam "Westf. Provinzial-Versicherung Muenster"]
[WhiteTeamCountry "GER"]
[BlackTeamCountry "GER"]

1. Nf3 c5 2. c3 b6 3. d4 Bb7 4. Bg5 d6 5. Nbd2 Nd7 6. e4 Qc7 7. d5 g6 8. Bd3
Bg7 9. O-O Nh6 10. Re1 f6 11. Bh4 Nf7 12. Qc2 g5 13. Bg3 h5 14. h4 g4 15. Nh2
Nfe5 16. Be2 O-O-O 17. Nhf1 Bh6 18. c4 Kb8 19. Bd1 Bc8 20. a3 Nf8 21. Qc3 f5
22. exf5 Bxf5 23. Ne4 Bg7 24. Qb3 e6 25. Bc2 exd5 26. cxd5 Bh6 27. Ne3 Bh7 28.
a4 a5 29. Nxd6 Bxc2 30. Qxc2 Nfg6 31. Nb5 Qd7 32. Qxg6 1-0

[Event "XIX. DBMM Schach"]
[Site "Billerbeck"]
[Date "2019.09.05"]
[Round "1.3"]
[White "Kuestermann, Dieter"]
[Black "Rohne, Lars"]
[Result "0-1"]
[WhiteElo "1810"]
[BlackElo "2123"]
[Annotator "br"]
[PlyCount "58"]
[EventDate "2019.09.??"]
[EventType "team-swiss"]
[EventRounds "7"]
[EventCountry "GER"]
[SourceTitle "XIX. DBMM 2019"]
[Source "FV Schach e.V."]
[SourceDate "2019.09.09"]
[SourceVersion "4"]
[SourceVersionDate "2019.10.16"]
[SourceQuality "1"]
[WhiteTeam "Westf. Provinzial-Versicherung Muenster"]
[BlackTeam "le-tex Publishing Services Leipzig"]
[WhiteTeamCountry "GER"]
[BlackTeamCountry "GER"]

1. e4 g6 2. d4 Bg7 3. Bg5 c5 4. c3 cxd4 5. cxd4 Qa5+ 6. Bd2 Qb6 7. Bc3 d5 8.
Bd3 dxe4 9. Bxe4 Nf6 10. Bc2 O-O 11. Ne2 Nc6 12. O-O Nd5 13. Nd2 Bg4 14. Nc4
Qc7 15. Qd2 Bxe2 16. Qxe2 Bxd4 17. Bb3 Nxc3 18. bxc3 Bxc3 19. Rac1 Bg7 20. Rfe1
e6 21. Qg4 Qe7 22. Rcd1 Rfd8 23. Ne3 Rxd1 24. Nxd1 Qb4 25. Re4 Nd4 26. h3 f5
27. Rxe6 Qxb3 28. axb3 fxg4 29. hxg4 Nxe6 0-1

[Event "XIX. DBMM Schach"]
[Site "Billerbeck"]
[Date "2019.09.05"]
[Round "1.4"]
[White "Hartmann, Uwe"]
[Black "Peters, Tobias_x2"]
[Result "1-0"]
[WhiteElo "1964"]
[BlackElo "1690"]
[Annotator "br"]
[PlyCount "137"]
[EventDate "2019.09.??"]
[EventType "team-swiss"]
[EventRounds "7"]
[EventCountry "GER"]
[SourceTitle "XIX. DBMM 2019"]
[Source "FV Schach e.V."]
[SourceDate "2019.09.09"]
[SourceVersion "4"]
[SourceVersionDate "2019.10.16"]
[SourceQuality "1"]
[WhiteTeam "le-tex Publishing Services Leipzig"]
[BlackTeam "Westf. Provinzial-Versicherung Muenster"]
[WhiteTeamCountry "GER"]
[BlackTeamCountry "GER"]

1. e4 c5 2. Nf3 d6 3. d4 cxd4 4. Nxd4 Nf6 5. Nc3 g6 6. Be2 Bg7 7. Be3 O-O 8.
O-O Nc6 9. h3 Bd7 10. Qd2 Rc8 11. f4 Na5 12. f5 Nc4 13. Bxc4 Rxc4 14. Rae1 Rxc3
15. Qxc3 Nxe4 16. Qd3 Ng3 17. fxg6 Nxf1 18. gxh7+ Kh8 19. Rxf1 Qa5 20. Nf5 Bxf5
21. Rxf5 Qe1+ 22. Rf1 Qg3 23. Bd4 Qxd3 24. Bxg7+ Kxg7 25. cxd3 Kxh7 26. Rc1 Kg6
27. Rc7 Kf6 28. Rxb7 a5 29. Ra7 Rb8 30. b3 Rb5 31. Kf2 e6 32. g4 Kg6 33. Ra6
Rd5 34. Ke3 f5 35. Ra8 fxg4 36. Rg8+ Kf6 37. Rxg4 Re5+ 38. Kf3 Rc5 39. h4 Rc2
40. Rg2 Rc3 41. Ke4 Rc5 42. Rh2 Kg6 43. d4 Rh5 44. a3 Kf6 45. Rh3 Kg6 46. Kd3
Kf5 47. Kc4 Kg4 48. Rh1 Kg3 49. b4 axb4 50. axb4 Kg2 51. Re1 e5 52. dxe5 Rxh4+
53. Kb5 Rh5 54. Kc6 dxe5 55. Re4 Kf3 56. Kd5 Rh8 57. Rxe5 Kf4 58. Re7 Rh5+ 59.
Kc6 Rh6+ 60. Kb5 Rh1 61. Ka5 Ra1+ 62. Kb6 Rh1 63. b5 Rb1 64. Ka6 Ra1+ 65. Kb7
Rb1 66. b6 Rb2 67. Ka7 Ra2+ 68. Kb8 Rb2 69. b7 1-0

[Event "XIX. DBMM Schach"]
[Site "Billerbeck"]
[Date "2019.09.05"]
[Round "1.1"]
[White "Ginsburg, Gennadi"]
[Black "Hufnagel, Markus"]
[Result "1-0"]
[WhiteElo "2415"]
[BlackElo "1679"]
[Annotator "br"]
[PlyCount "47"]
[EventDate "2019.09.??"]
[EventType "team-swiss"]
[EventRounds "7"]
[EventCountry "GER"]
[SourceTitle "XIX. DBMM 2019"]
[Source "FV Schach e.V."]
[SourceDate "2019.09.09"]
[SourceVersion "4"]
[SourceVersionDate "2019.10.16"]
[SourceQuality "1"]
[WhiteTeam "Software AG Darmstadt"]
[BlackTeam "Deutsche Bahn Oberhausen"]
[WhiteTeamCountry "GER"]
[BlackTeamCountry "GER"]

1. d4 Nf6 2. Nf3 e6 3. c4 d5 4. Bg5 Be7 5. e3 c6 6. Nc3 Bb4 7. Bd3 Qa5 8. O-O
dxc4 9. Bxc4 Bxc3 10. Bxf6 gxf6 11. bxc3 Qxc3 12. Rc1 Qa5 13. e4 Nd7 14. d5
cxd5 15. exd5 Nb6 16. dxe6 Bxe6 17. Bxe6 fxe6 18. Qd6 Qd5 19. Qa3 e5 20. Rfd1
Qe6 21. Nd4 Qe7 22. Qb3 Rd8 23. Nf5 Rxd1+ 24. Rxd1 1-0

[Event "XIX. DBMM Schach"]
[Site "Billerbeck"]
[Date "2019.09.05"]
[Round "1.2"]
[White "Engling, Dirk"]
[Black "Eckert, Roland"]
[Result "0-1"]
[WhiteElo "1662"]
[BlackElo "2006"]
[Annotator "br"]
[PlyCount "66"]
[EventDate "2019.09.??"]
[EventType "team-swiss"]
[EventRounds "7"]
[EventCountry "GER"]
[SourceTitle "XIX. DBMM 2019"]
[Source "FV Schach e.V."]
[SourceDate "2019.09.09"]
[SourceVersion "4"]
[SourceVersionDate "2019.10.16"]
[SourceQuality "1"]
[WhiteTeam "Deutsche Bahn Oberhausen"]
[BlackTeam "Software AG Darmstadt"]
[WhiteTeamCountry "GER"]
[BlackTeamCountry "GER"]

1. e4 e5 2. Nf3 Nc6 3. Bb5 Nf6 4. O-O d6 5. d3 Be7 6. c3 O-O 7. h3 Nb8 8. Be3
c6 9. Ba4 Qc7 10. Nbd2 a5 11. Nh2 Ne8 12. g4 g5 13. Bc2 Ng7 14. Nc4 Nd7 15. h4
b5 16. Nd2 h6 17. hxg5 hxg5 18. Nhf3 Ne6 19. Kg2 Kg7 20. Rh1 Qd8 21. Rh5 Rh8
22. Qh1 Rxh5 23. Qxh5 Qh8 24. Qxh8+ Kxh8 25. Bb3 Ndf8 26. Rh1+ Kg7 27. Rh5 f6
28. d4 Ng6 29. Rh1 a4 30. Bc2 Nef4+ 31. Bxf4 Nxf4+ 32. Kf1 Bxg4 33. dxe5 dxe5
0-1

[Event "XIX. DBMM Schach"]
[Site "Billerbeck"]
[Date "2019.09.05"]
[Round "1.3"]
[White "Mohr, Thomas"]
[Black "Holdsch, Peter Michael"]
[Result "1/2-1/2"]
[WhiteElo "1904"]
[BlackElo "1634"]
[Annotator "br"]
[PlyCount "78"]
[EventDate "2019.09.??"]
[EventType "team-swiss"]
[EventRounds "7"]
[EventCountry "GER"]
[SourceTitle "XIX. DBMM 2019"]
[Source "FV Schach e.V."]
[SourceDate "2019.09.09"]
[SourceVersion "4"]
[SourceVersionDate "2019.10.16"]
[SourceQuality "1"]
[WhiteTeam "Software AG Darmstadt"]
[BlackTeam "Deutsche Bahn Oberhausen"]
[WhiteTeamCountry "GER"]
[BlackTeamCountry "GER"]

1. f4 d5 2. Nf3 c5 3. e3 a6 4. b3 Nc6 5. Bb2 Nf6 6. Be2 g6 7. O-O Bg7 8. Ne5
Qc7 9. Nxc6 Qxc6 10. d3 O-O 11. Bf3 e6 12. Qc1 b5 13. c4 Rd8 14. Nd2 Qb6 15.
Qc2 Bb7 16. Rac1 Rac8 17. Be5 dxc4 18. dxc4 b4 19. h3 Rd7 20. Bxf6 Bxf6 21. Ne4
Bg7 22. Rcd1 Rcd8 23. Rxd7 Rxd7 24. Rd1 Rxd1+ 25. Qxd1 Qc7 26. Qd6 Qxd6 27.
Nxd6 Bxf3 28. gxf3 Bf8 29. Ne4 Kg7 30. Kf2 h6 31. Kg3 f5 32. Nf2 Kf6 33. Nd3
Bd6 34. Kf2 g5 35. fxg5+ hxg5 36. Kg2 e5 37. e4 Kg6 38. Kf2 f4 39. Kg2 Kh5
1/2-1/2

[Event "XIX. DBMM Schach"]
[Site "Billerbeck"]
[Date "2019.09.05"]
[Round "1.1"]
[White "Piepenburg, Rolf"]
[Black "Hohlfeld, Wolfgang"]
[Result "1/2-1/2"]
[WhiteElo "1995"]
[BlackElo "2067"]
[Annotator "br"]
[PlyCount "25"]
[EventDate "2019.09.??"]
[EventType "team-swiss"]
[EventRounds "7"]
[EventCountry "GER"]
[SourceTitle "XIX. DBMM 2019"]
[Source "FV Schach e.V."]
[SourceDate "2019.09.09"]
[SourceVersion "4"]
[SourceVersionDate "2019.10.16"]
[SourceQuality "1"]
[WhiteTeam "Commerzbank Frankfurt"]
[BlackTeam "Baubehoerde Hamburg"]
[WhiteTeamCountry "GER"]
[BlackTeamCountry "GER"]

1. Nf3 c5 2. g3 Nf6 3. Bg2 g6 4. O-O Bg7 5. c4 O-O 6. Nc3 Nc6 7. d4 d6 8. dxc5
dxc5 9. Be3 Qa5 10. Qa4 Nd7 11. Qxa5 Nxa5 12. Nd2 Rb8 13. Rac1 1/2-1/2

[Event "XIX. DBMM Schach"]
[Site "Billerbeck"]
[Date "2019.09.05"]
[Round "1.2"]
[White "Hein, Ralf"]
[Black "Heuermann, Heinz Burkhard"]
[Result "1-0"]
[WhiteElo "2062"]
[BlackElo "1982"]
[Annotator "br"]
[PlyCount "127"]
[EventDate "2019.09.??"]
[EventType "team-swiss"]
[EventRounds "7"]
[EventCountry "GER"]
[SourceTitle "XIX. DBMM 2019"]
[Source "FV Schach e.V."]
[SourceDate "2019.09.09"]
[SourceVersion "4"]
[SourceVersionDate "2019.10.16"]
[SourceQuality "1"]
[WhiteTeam "Baubehoerde Hamburg"]
[BlackTeam "Commerzbank Frankfurt"]
[WhiteTeamCountry "GER"]
[BlackTeamCountry "GER"]

1. c4 Nf6 2. Nc3 g6 3. e4 d6 4. g3 Bg7 5. Bg2 e5 6. d3 Be6 7. Nge2 O-O 8. O-O
Qd7 9. f4 Bh3 10. f5 Bxg2 11. Kxg2 c6 12. h3 d5 13. g4 dxc4 14. dxc4 Rd8 15.
Be3 Na6 16. Qxd7 Nxd7 17. Rad1 f6 18. b3 b6 19. Rd2 Ndc5 20. Rfd1 Nb7 21. Rd7
Rxd7 22. Rxd7 Na5 23. h4 Bf8 24. g5 fxg5 25. hxg5 Nc5 26. Rd1 Ncb7 27. Nc1 Bb4
28. N3e2 Rd8 29. Rxd8+ Nxd8 30. Nd3 Bd6 31. Bd2 Nab7 32. Kf3 Kf7 33. Kg4 Nc5
34. Nf2 a5 35. Ng1 Nd7 36. Nf3 Bc5 37. Nd3 Bd4 38. Nxd4 exd4 39. Bf4 c5 40. Bc7
Nc6 41. e5 gxf5+ 42. Kxf5 Ne7+ 43. Ke4 Nc8 44. Nf4 Nf8 45. Kd5 Ne7+ 46. Kd6
Nf5+ 47. Kc6 Ne6 48. Nd3 Kg6 49. Bxb6 Kxg5 50. Bxa5 h5 51. Kd7 Nfg7 52. Bd2+
Kf5 53. a4 Ke4 54. Nf2+ Kxe5 55. a5 Nf8+ 56. Kc6 Nfe6 57. a6 Ne8 58. a7 N8c7
59. Nd3+ Kf5 60. Nxc5 Na8 61. Nxe6 Kxe6 62. Kb7 h4 63. Kxa8 h3 64. Kb8 1-0

[Event "XIX. DBMM Schach"]
[Site "Billerbeck"]
[Date "2019.09.05"]
[Round "1.3"]
[White "Huebner, Detlef"]
[Black "Buchholz, Robert"]
[Result "0-1"]
[WhiteElo "1494"]
[BlackElo "1988"]
[Annotator "br"]
[PlyCount "56"]
[EventDate "2019.09.??"]
[EventType "team-swiss"]
[EventRounds "7"]
[EventCountry "GER"]
[SourceTitle "XIX. DBMM 2019"]
[Source "FV Schach e.V."]
[SourceDate "2019.09.09"]
[SourceVersion "4"]
[SourceVersionDate "2019.10.16"]
[SourceQuality "1"]
[WhiteTeam "Commerzbank Frankfurt"]
[BlackTeam "Baubehoerde Hamburg"]
[WhiteTeamCountry "GER"]
[BlackTeamCountry "GER"]

1. e4 d5 2. exd5 Nf6 3. Nc3 Nxd5 4. Qf3 c6 5. Bc4 e6 6. d4 Nd7 7. Nxd5 exd5 8.
Bd3 Bd6 9. Ne2 O-O 10. O-O Qf6 11. Bf4 Bxf4 12. Qxf4 Re8 13. Qxf6 Nxf6 14. Ng3
Bd7 15. Rfe1 Kf8 16. Nf5 Rxe1+ 17. Rxe1 Re8 18. Rxe8+ Nxe8 19. f3 $11 g6 20.
Ne3 Ke7 21. h3 h5 22. Kf2 h4 23. c4 dxc4 24. Nxc4 Be6 25. b3 g5 26. Ke2 Nf6 27.
Ne3 Nh5 28. Bf5 Ng3+ 0-1